Negative-refraction metamaterials : (Record no. 17464)

MARC details
000 -LEADER
fixed length control field 00860pam a2200253 a 4500
001 - CONTROL NUMBER
control field 013174679
003 - CONTROL NUMBER IDENTIFIER
control field Uk
005 - DATE AND TIME OF LATEST TRANSACTION
control field 20161120140845.0
008 - FIXED-LENGTH DATA ELEMENTS--GENERAL INFORMATION
fixed length control field 050317s2005 njua b 001 0 eng
020 ## - INTERNATIONAL STANDARD BOOK NUMBER
International Standard Book Number 9780471601463 (cased)
020 ## - INTERNATIONAL STANDARD BOOK NUMBER
International Standard Book Number 0471601462 (cased) :
020 ## - INTERNATIONAL STANDARD BOOK NUMBER
International Standard Book Number 9780471601463
082 00 - DEWEY DECIMAL CLASSIFICATION NUMBER
Classification number 620.11297
Edition number 22
Item number NEG
245 00 - TITLE STATEMENT
Title Negative-refraction metamaterials :
Remainder of title fundamental properties and applications /
Statement of responsibility, etc edited by G.V. Eleftheriades, K.G. Balmain.
260 ## - PUBLICATION, DISTRIBUTION, ETC. (IMPRINT)
Place of publication, distribution, etc New York ;
-- Chichester :
Name of publisher, distributor, etc Wiley,
Date of publication, distribution, etc 2005.
300 ## - PHYSICAL DESCRIPTION
Extent xv, 418 p. :
Other physical details ill. ;
Dimensions 24 cm.
504 ## - BIBLIOGRAPHY, ETC. NOTE
Bibliography, etc Includes bibliographical references and index.
650 #0 - SUBJECT ADDED ENTRY--TOPICAL TERM
Topical term or geographic name as entry element Electromagnetism.
9 (RLIN) 33189
653 ## - INDEX TERM--UNCONTROLLED
Resource For college
Arrived date list May2013
650 #0 - SUBJECT ADDED ENTRY--TOPICAL TERM
9 (RLIN) 6453
Topical term or geographic name as entry element Magnetic materials
700 1# - ADDED ENTRY--PERSONAL NAME
Personal name Eleftheriades, G. V.
Fuller form of name (George V.)
9 (RLIN) 33190
700 1# - ADDED ENTRY--PERSONAL NAME
Personal name Balmain, K. G.
Fuller form of name (Keith G.)
9 (RLIN) 33191
942 ## - ADDED ENTRY ELEMENTS (KOHA)
Source of classification or shelving scheme Dewey Decimal Classification
Item type Book - Borrowing
Holdings
Withdrawn status Item status Source of classification or shelving scheme Damaged status Not for loan Vendor Home library Current library Shelving location Date acquired Source of acquisition Cost, normal purchase price Serial Enumeration / chronology Total Checkouts Full call number Barcode Date last seen Cost, replacement price Koha item type
    Dewey Decimal Classification     Baccah Central Library Central Library First floor 15/05/2013   666.00 17733   620.11297 NEG 000028734 15/07/2025 832.50 Book - Borrowing